<?xml version="1.0" encoding="UTF-8"?>
<record
    xmlns:xsi="http://www.w3.org/2001/XMLSchema-instance"
    xsi:schemaLocation="http://www.loc.gov/MARC21/slim http://www.loc.gov/standards/marcxml/schema/MARC21slim.xsd"
    xmlns="http://www.loc.gov/MARC21/slim">

  <leader>01338cam a2200337 i 4500</leader>
  <datafield tag="952" ind1=" " ind2=" ">
    <subfield code="0">0</subfield>
    <subfield code="1">0</subfield>
    <subfield code="2">ddc</subfield>
    <subfield code="4">0</subfield>
    <subfield code="7">0</subfield>
    <subfield code="8">FOR</subfield>
    <subfield code="a">MES</subfield>
    <subfield code="b">MES</subfield>
    <subfield code="c">FOR </subfield>
    <subfield code="d">2022-03-08</subfield>
    <subfield code="e">35</subfield>
    <subfield code="g">5373.00</subfield>
    <subfield code="l">4</subfield>
    <subfield code="m">3</subfield>
    <subfield code="o">612.11825 BOO/B</subfield>
    <subfield code="p">41395</subfield>
    <subfield code="r">2025-12-15 15:26:06</subfield>
    <subfield code="s">2025-11-26</subfield>
    <subfield code="v">5373.00</subfield>
    <subfield code="w">2022-03-08</subfield>
    <subfield code="y">BK</subfield>
    <subfield code="z">GL51R4</subfield>
  </datafield>
  <datafield tag="999" ind1=" " ind2=" ">
    <subfield code="c">41443</subfield>
    <subfield code="d">41443</subfield>
  </datafield>
  <controlfield tag="001">818623</controlfield>
  <controlfield tag="003">OSt</controlfield>
  <controlfield tag="005">20220127124200.0</controlfield>
  <controlfield tag="008">760910s1977    stka     b    001 0 eng  </controlfield>
  <datafield tag="010" ind1=" " ind2=" ">
    <subfield code="a">   76044375 </subfield>
  </datafield>
  <datafield tag="020" ind1=" " ind2=" ">
    <subfield code="a">0443014752 :</subfield>
    <subfield code="c">&#xA3;13.50</subfield>
  </datafield>
  <datafield tag="040" ind1=" " ind2=" ">
    <subfield code="a">DLC</subfield>
    <subfield code="c">DLC</subfield>
    <subfield code="d">DLC</subfield>
  </datafield>
  <datafield tag="050" ind1="1" ind2="0">
    <subfield code="a">RB45.5</subfield>
    <subfield code="b">.B66 1977</subfield>
  </datafield>
  <datafield tag="060" ind1=" " ind2=" ">
    <subfield code="a">QY415 B724i</subfield>
  </datafield>
  <datafield tag="082" ind1="0" ind2="0">
    <subfield code="a">612.11825</subfield>
    <subfield code="b">BOO/B</subfield>
  </datafield>
  <datafield tag="100" ind1="1" ind2=" ">
    <subfield code="a">Boorman, Kathleen E.</subfield>
    <subfield code="q">(Kathleen Ethel)</subfield>
    <subfield code="9">9010</subfield>
  </datafield>
  <datafield tag="245" ind1="1" ind2="0">
    <subfield code="a">Blood group serology :</subfield>
    <subfield code="b">theory, techniques, practical applications /</subfield>
    <subfield code="c">Kathleen E. Boorman, Barbara E. Dodd, and P. J. Lincoln.</subfield>
  </datafield>
  <datafield tag="250" ind1=" " ind2=" ">
    <subfield code="a">5th ed.</subfield>
  </datafield>
  <datafield tag="260" ind1=" " ind2=" ">
    <subfield code="a">Edinburgh ;</subfield>
    <subfield code="a">New York :</subfield>
    <subfield code="b">Churchill Livingstone ;</subfield>
    <subfield code="a">New York :</subfield>
    <subfield code="b">distributed in the United States of America by Longman,</subfield>
    <subfield code="c">1977.</subfield>
  </datafield>
  <datafield tag="300" ind1=" " ind2=" ">
    <subfield code="a">495 p. :</subfield>
    <subfield code="b">ill. ;</subfield>
    <subfield code="c">24 cm.</subfield>
  </datafield>
  <datafield tag="500" ind1=" " ind2=" ">
    <subfield code="a">First-4th ed. published under title: An introduction to blood group serology.</subfield>
  </datafield>
  <datafield tag="504" ind1=" " ind2=" ">
    <subfield code="a">Includes bibliographies and index.</subfield>
  </datafield>
  <datafield tag="650" ind1=" " ind2="0">
    <subfield code="a">Blood groups.</subfield>
  </datafield>
  <datafield tag="650" ind1=" " ind2="0">
    <subfield code="a">Blood</subfield>
    <subfield code="x">Examination.</subfield>
  </datafield>
  <datafield tag="650" ind1=" " ind2="0">
    <subfield code="a">Compatibility testing (Hematology).</subfield>
  </datafield>
  <datafield tag="650" ind1=" " ind2="2">
    <subfield code="a">Blood group.</subfield>
  </datafield>
  <datafield tag="700" ind1="1" ind2=" ">
    <subfield code="a">Dodd, Barbara E.</subfield>
    <subfield code="q">(Barbara Edith)</subfield>
    <subfield code="e">joint author.</subfield>
    <subfield code="9">9011</subfield>
  </datafield>
  <datafield tag="700" ind1="1" ind2=" ">
    <subfield code="a">Lincoln, Patrick J.</subfield>
    <subfield code="e">joint author.</subfield>
    <subfield code="9">9012</subfield>
  </datafield>
  <datafield tag="906" ind1=" " ind2=" ">
    <subfield code="a">7</subfield>
    <subfield code="b">cbc</subfield>
    <subfield code="c">orignew</subfield>
    <subfield code="d">1</subfield>
    <subfield code="e">ocip</subfield>
    <subfield code="f">19</subfield>
    <subfield code="g">y-gencatlg</subfield>
  </datafield>
  <datafield tag="942" ind1=" " ind2=" ">
    <subfield code="2">ddc</subfield>
    <subfield code="c">BK</subfield>
    <subfield code="h">612.11825</subfield>
    <subfield code="i">BOO/B</subfield>
    <subfield code="k">612.11825</subfield>
    <subfield code="m">BOO/B</subfield>
  </datafield>
</record>
